250 nguyên lý quản lý kinh doanh nhà hàng

সংরক্ষণ করুন:
গ্রন্থ-পঞ্জীর বিবরন
প্রধান লেখক: Duy Cao
বিন্যাস: গ্রন্থ
ভাষা:Undetermined
প্রকাশিত: Hải Phòng Hải Phòng 2003
বিষয়গুলি:
ট্যাগগুলো: ট্যাগ যুক্ত করুন
কোনো ট্যাগ নেই, প্রথমজন হিসাবে ট্যাগ করুন!
Thư viện lưu trữ: Trung tâm Học liệu Trường Đại học Cần Thơ
LEADER 00537nam a2200181Ia 4500
001 CTU_56956
008 210402s9999 xx 000 0 und d
020 |b 45000 
082 |a 647.95068 
082 |b D523 
100 |a Duy Cao 
245 0 |a 250 nguyên lý quản lý kinh doanh nhà hàng 
245 0 |c Duy Cao; Mỹ Nga và Trình Lư Sanh biên dịch 
260 |a Hải Phòng 
260 |b Hải Phòng 
260 |c 2003 
650 |a restaurant management 
980 |a Trung tâm Học liệu Trường Đại học Cần Thơ